header

Drug use and delinquency (Record no. 122326)

MARC details
000 -LEADER
fixed length control field 01757nam a2200385 a 4500
082 04 - DEWEY DECIMAL CLASSIFICATION NUMBER
Classification number 373.12/9130973
100 1# - MAIN ENTRY--AUTHOR NAME
Personal name Gasper, Joseph M.,
245 10 - TITLE STATEMENT
Title Drug use and delinquency
260 ## - PUBLICATION, DISTRIBUTION, ETC. (IMPRINT)
Place of publication El Paso :
Name of publisher LFB Scholarly Pub. LLC,
Year of publication 2012.
300 ## - PHYSICAL DESCRIPTION
Number of Pages xiii, 205 p. :
Other physical details ill.
490 1# - SERIES STATEMENT
Series statement Criminal justice : recent scholarship
505 0# - FORMATTED CONTENTS NOTE
Formatted contents note Drug use, delinquency, and dropout -- Causes of dropout -- Distinguishing causes from symptoms -- Explaining drug use, delinquency, and dropout -- Toward a theory of precocious development.
650 #0 - SUBJECT ADDED ENTRY--TOPICAL TERM
Topical Term High school dropouts
Topical Term High school dropouts
Topical Term Problem youth
Topical Term Juvenile delinquency
856 40 - ELECTRONIC LOCATION AND ACCESS
Uniform Resource Identifier http://site.ebrary.com/lib/rucke/Doc?id=10514901

No items available.

© 2026 Rongo University
Contact us: librarian | system librarian | Rongo university